000
00276nam a22001097a 4500
082
_a
030
_b
ENC/E
100
_a
ENCYCLOPEDIA BRITANNICA
245
_a
ENCLYSLOPEDIA BRITANNICA HISTORY SERIES TECHNOLOGY
260
_a
USA
_b
ENCYCLOPEDIA BRITANNICA
_c
2010
300
_b
CD
942
_c
BK
999
_c
7364
_d
7364